Investigaciones metafísicas : disputationes metaphysicae /
Francisco Suárez (1548-1617), jesuita español, filósofo, teólogo y jurista, elaboró un sistema metafísico a través de 54 disputaciones metafísicas; la presente obra selecciona aquellas que han contribuido al desarrollo o debate de la filosofía moderna. Las disputas con algunas de sus secciones selec...
Guardat en:
| Autor principal: | |
|---|---|
| Altres autors: | |
| Format: | Llibre |
| Idioma: | espanyol |
| Publicat: |
Buenos Aires, Argentina :
Espasa-Calpe,
1954, c1954
|
| Col·lecció: | (Austral ;
1209) |
| Matèries: | |
| Etiquetes: |
Sense etiquetes, Sigues el primer a etiquetar aquest registre!
|
MARC
| LEADER | 00000nam^a2200000^a^4500 | ||
|---|---|---|---|
| 001 | 000359031 | ||
| 005 | 20250521000000.0 | ||
| 009 | 20260526141851.93 | ||
| 037 | |a Acervo Xavier Clavigero | ||
| 041 | |a ESP | ||
| 082 | |a 808. |b AUS V. 1209 | ||
| 100 | |a Suárez, Francisco |e (autor) | ||
| 240 | 1 | 1 | |a [Disputaciones metafísicas] |
| 245 | 1 | 0 | |a Investigaciones metafísicas : |b disputationes metaphysicae / |c F. Suárez ; selec. e introd. de I. Quiles. |
| 264 | 4 | |a Buenos Aires, Argentina : |b Espasa-Calpe, |c 1954, c1954 | |
| 300 | |a 228 p. | ||
| 336 | |a texto |b txt |2 rdacontenido | ||
| 337 | |a sin mediación |b n |2 rdamedio | ||
| 338 | |a volumen |b nc |2 rdasoporte | ||
| 440 | 1 | |a (Austral ; |v 1209) | |
| 520 | |a Francisco Suárez (1548-1617), jesuita español, filósofo, teólogo y jurista, elaboró un sistema metafísico a través de 54 disputaciones metafísicas; la presente obra selecciona aquellas que han contribuido al desarrollo o debate de la filosofía moderna. Las disputas con algunas de sus secciones seleccionadas para la presente obra son: 2, 5, 8-13, 15, 17-20, 22-25 y 28-31. | ||
| 649 | |a XX | ||
| 650 | |a Unidad (Filosofía) | ||
| 650 | |a Causalidad - |x Filosofía | ||
| 650 | |a Esencia (Filosofía) | ||
| 650 | |a Ontología | ||
| 650 | |a Metafísica - |x Tema Principal | ||
| 650 | |a Escolástica - |x Tema Principal | ||
| 650 | |a Filosofía Medieval | ||
| 700 | |a Quiles, Ismael |e (selección) | ||
| 910 | |a Fondo General | ||
| 920 | |a Impresos - Libros | ||
| 930 | |a Colección General | ||
| 940 | |a Literatura | ||
| 905 | |a 101 | ||
| 901 | |a 061873 |b IT1 |c LIT |u 20250521 | ||
| 902 | |a https://opac.biblio.iteso.mx/vufind/Record/000359031 | ||